[Event "IECC M1-2008.T81"]
[Site "IECC email"]
[Date "2008.10.30"]
[Round "?"]
[White "Mitchell, TT."]
[Black "Cacioppo, Andrea"]
[Result "0-1"]
[WhiteElo "871"]
[BlackElo "1119"]
[PlyCount "48"]
[EventDate "2008.??.??"]
[EventType "match (corr)"]
[EventRounds "2"]
[SourceTitle "Corr 2011"]
[Source "ChessBase"]
[SourceDate "2010.08.31"]
[SourceVersion "1"]
[SourceVersionDate "2010.08.31"]
[SourceQuality "1"]
[WhiteTeam "US of America"]
[BlackTeam "Italy"]
[WhiteTeamCountry "USA"]
[BlackTeamCountry "ITA"]

1. e4 e5 2. Nf3 Nf6 3. d3 Nc6 4. c3 d5 5. Qe2 Be6 6. h3 Qd6 7. a3 Rd8 8. Ng5 Bd7 9. exd5 Qxd5 10. Ne4 Be7 11. Nxf6+ Bxf6 12. Nd2 0-0 13. c4 Qa5 14. h4 Nd4 15. Qe3 Nc2+ 16. Ke2 Nxe3 17. fxe3 Bf5 18. e4 Bg4+ 19. Kf2 Be7 20. Be2 Bxe2 21. Kxe2 Rfe8 22. b3 Bf6 23. g3 Qc3 24. Rb1 Rxd3 0-1

[Event "IECC M1-2008.T73"]
[Site "IECC email"]
[Date "2008.09.25"]
[Round "?"]
[White "Simmons, Ernest"]
[Black "Cacioppo, Andrea"]
[Result "0-1"]
[WhiteElo "1106"]
[BlackElo "1059"]
[PlyCount "56"]
[EventDate "2008.??.??"]
[EventType "match (corr)"]
[EventRounds "2"]
[SourceTitle "Corr 2013"]
[Source "ChessBase"]
[SourceDate "2012.11.12"]
[SourceVersion "1"]
[SourceVersionDate "2012.11.12"]
[SourceQuality "1"]
[WhiteTeam "Russia"]
[BlackTeam "US of America"]
[WhiteTeamCountry "RUS"]
[BlackTeamCountry "USA"]

1. Nf3 d5 2. g3 Nc6 3. Bg2 e5 4. d3 Nf6 5. 0-0 Be7 6. Nbd2 0-0 7. e4 dxe4 8. Nxe4 Nxe4 9. dxe4 Be6 10. a3 Qd6 11. Qxd6 cxd6 12. Ng5 Bc4 13. Re1 Nd4 14. Rd1 Ne2+ 15. Kh1 Nxc1 16. Rdxc1 Bxg5 17. Rd1 Rfd8 18. b3 Be2 19. Rd5 Rac8 20. h4 Bh6 21. c4 Rc5 22. Kh2 b6 23. Bf1 Rxd5 24. cxd5 Bf3 25. Bd3 Rc8 26. Bc4 Bxe4 27. Rd1 Bf3 28. Rb1 Rc5 0-1